Shovel Knight Treasure Trove- Magical Items - Statistics

General Stats
  • This quiz has been taken 16 times
  • The average score is 6 of 43
Answer Stats
Hint Answer % Correct
Relics Phase Locket
70%
Relics Fishing Rod
50%
Relics Flare Wand
50%
Relics Mobile Gear
40%
Arcana Vat
40%
Relics Dust Knuckles
30%
Arcana Smoke Bomb
30%
Relics Throwing Anchor
30%
Relics Troupple Chalice
30%
Relics War Horn
30%
Curios Will Skull
30%
Relics Alchemy Coin
20%
Arcana Bait Bomb
20%
Curios Chronos Coin
20%
Relics Propeller Dagger
20%
Curios Spider Scythe
20%
Curios Bounding Soul
10%
Heirlooms Bubble Frog
10%
Heirlooms Decrees
10%
Curios Dread Talon
10%
Arcana Fleet Flask
10%
Curios Judgement Rush
10%
Curios Shadow Mirror
10%
Curios Skeletal Sentry
10%
Arcana Staff of Striking
10%
Arcana Staff of Surging
10%
Curios Throwing Sickle
10%
Curios Barrier Lantern
0%
Arcana Berserker's Brew
0%
Arcana Big Boom
0%
Curios Caltrops
0%
Relics Chaos Sphere
0%
Heirlooms Dueling Glove
0%
Heirlooms Gyro Boots
0%
Heirlooms Healing Hammer
0%
Heirlooms Horns of Heralding
0%
Curios Hover Plume
0%
Arcana Leech Liquid
0%
Heirlooms Propeller Blitzseed
0%
Heirlooms Rat Bombardier
0%
Heirlooms Scepter of Swiftness
0%
Heirlooms Scorching Saber
0%
Heirlooms Turn Coat
0%
No matching quizzes found
Score Distribution
Percent of People with Each Score
Percentile by Number Answered
Your Score History
You have not taken this quiz